Scandinavian Countries-Multiple Choice - Statistics

General Stats
  • This quiz has been taken 47 times
  • The average score is 10 of 15
Answer Stats
Question Answer % Correct
Hans Christian Henderson was born there Denmark
100%
The people of this country made sauna Finland
89%
Its famous for its Fjords Norway
89%
It has the oldest official flag in the world Denmark
78%
Its not in the Arctic Circle Denmark
78%
Wich of these countries have smaller population than Malta dispite being 326 times bigger Iceland
78%
It is has the northern most point of Continental Europe Norway
78%
Wich Country is smallest in terms of land area Denmark
67%
This country has the happiest people of the World Finland
67%
Wich of these Countries have Never Fought and World War Sweden
67%
Whats the biggest in terms of land area Sweden
67%
Faroe islands are a self-governing nation under the rule of what country? Denmark
56%
The only Scandinavian-Nordic country that was with The Axis in WW2 Finland
44%
In what country you can find the island Sjeland Denmark
33%
The country has the the biggest number of islands in the world Sweden
33%
No matching quizzes found
Score Distribution
Percent of People with Each Score
Percentile by Number Answered
Your Score History
You have not taken this quiz